| 000 | 00922cam a22002897a 4500 | ||
|---|---|---|---|
| 003 | CHAP | ||
| 005 | 20220329141357.0 | ||
| 008 | 971013s1987 r 00010 d | ||
| 010 | _a67254 | ||
| 011 | _a68226 | ||
| 035 | _a77698 | ||
| 040 | _cCHAP | ||
| 090 | _aFolleto 11501 | ||
| 100 | 0 | 0 |
_aCampo Pipaon, E. _918065 |
| 245 | 0 | _aComportamiento reproductivo del bufalo de agua (Bubalus bubalis) | |
| 260 |
_aLa Habana : _bInstituto Superior de Ciencia Agropecuarias, _c1987 |
||
| 300 | _a12 p. | ||
| 590 |
_aBATCH-UPD _b10 _c20130110 _lUCH01 _h1453 |
||
| 590 |
_aBATCH-UPD _b10 _c20130410 _lUCH01 _h0919 |
||
| 590 |
_aBATCH-UPD _b10 _c20130914 _lUCH01 _h0746 |
||
| 590 |
_aCONVERSION _b10 _c20130109 _lUCH01 _h1337 |
||
| 650 | 1 | 4 |
_aBúfalos. _914737 |
| 901 | _aBK | ||
| 942 | _cFOLL | ||
| 949 |
_aFolleto 11501 _bBC _cFOLL _d-30569 _eTS1 _i77698 _si |
||
| 949 |
_aFolleto 11501 _bBC _cFOLL _d776982 _eTS2 _fc.2 _i77698 _kDonaciØn _sb |
||
| 999 |
_c67254 _d67254 |
||